000 00587nam a2200181Ia 4500
008 090123s9999 xx 000 0 und d
082 _b26697
100 _aशिंदे सुरेश
245 _aमुलं गुलाबाची फुलं
250 _a0
260 _bजाणीव प्रकाशन
300 _a25
600 _aशिंदे सुरेश
630 _aमुलं गुलाबाची फुलं
700 _aशिंदे सुरेश
730 _aमुलं गुलाबाची फुलं
942 _cBOOK
999 _c64766
_d64766